| 000 | 00677nam a2200229 4500 | ||
|---|---|---|---|
| 001 | 107095 | ||
| 003 | ES-MaACL | ||
| 005 | 20230906184339.0 | ||
| 007 | t| | ||
| 008 | 061121s1947 sp r ||||1| spa d | ||
| 100 | 1 |
_aMorgan, Charles. _983510 |
|
| 245 | 1 | 0 |
_aImágenes en un espejo / _cCharles Morgan; traducción del inglés por Ellizabeth Mulder. |
| 250 | _a1ª. ed. | ||
| 260 |
_aBarcelona : _bJosé Janes, _c1947. |
||
| 300 | _c17 cm. | ||
| 490 | 1 | _aManantial que no cesa | |
| 505 | 8 | _aContiene: 2 tomos. | |
| 700 | 1 |
_aMulder, Elisabeth. _984098 |
|
| 830 | 0 |
_aManantial que no cesa _9181138 |
|
| 852 |
_aES-MaACL _jD-7474-72 _bR.28668 |
||
| 999 |
_c107095 _d107095 |
||